000 00756nam a2200253Ia 4500
003 OSt
005 20220927110337.0
006 a|||||r|||| 00| 0
007 ta
008 220926b |||||||| |||| 00| 0 eng d
024 _a56858
037 _cReports
040 _aRTL
_cRTL
_beng
041 _2eng
_aeng
082 _a"X:957.2.N22t, F3/GD"
110 _a"Great Britain, Indian retrenchment committee"
_9376312
245 0 _aReport with appendixes
260 _aLondon
_bH M S O UK
_c1923
300 _a294p.
_ccm.
650 _aEmployment and Serivce
_9376313
700 _a"Great Britain, Indian retrenchment committee"
_9376314
942 _h"X:957.2.N22t, F3/GD"
_cCC
999 _c695622
_d695622